Sports Quiz

Random Sports or Hockey Quiz
Score 0/16 Timer 03:00
0 Plays Today
Wins Player % Correct
29Grant Fuhr
98.1%
27Andy Moog
98.1%
29Tom Barrasso
96.3%
20Billy Smith
94.4%
31John Vanbiesbrouck
88.9%
27Mike Liut
87%
23Patrick Roy
87%
29Reggie Lemelin
83.3%
Wins Player % Correct
22Pete Peeters
83.3%
31Bob Froese
77.8%
20Murray Bannerman
77.8%
28Al Jensen
66.7%
25Don Beaupre
63%
22Rick Wamsley
63%
26Clint Malarchuk
46.3%
21Roberto Romano
44.4%
Remove Ads.
Support Sporcle.
Get the best of Sporcle when you Go Orange. This ad-free experience offers more features, more stats, and more fun while also helping to support Sporcle. Thank you for becoming a member.

You're not logged in!

Compare scores with friends on all Sporcle quizzes.
OR
Log In

Show Comments

Extras

Top Quizzes Today


Score Distribution

Your Account Isn't Verified!

In order to create a playlist on Sporcle, you need to verify the email address you used during registration. Go to your Sporcle Settings to finish the process.

Report this User

Report this user for behavior that violates our Community Guidelines.

Details: